00342nam a2200133Ia 45000010005000000080041000050200022000460820023000681000030000912450022001212600023001439010027001669990015001933905241024s9999 xx 000 0 und d a978-9945-465-29-7 aRD/863.97293/H831b aEugenio María de Hostos 0aEl barco de papel bEdiciones CPc2013 a28/1/2015 4:13:41 p.m. c7772d7772